| 000 -LEADER |
| fixed length control field |
01062pam a2200229 a 4500 |
| 020 ## - INTERNATIONAL STANDARD BOOK NUMBER |
| International Standard Book Number |
008042256X (H) |
| 082 00 - DEWEY DECIMAL CLASSIFICATION NUMBER |
| Classification number |
620.1126 |
| Author Mark |
ADV |
| -- |
L-37, P-159 |
| 100 ## - MAIN ENTRY--PERSONAL NAME |
| Personal name |
Panasyuk V.V, Taplin D.M.R., |
| 9 (RLIN) |
38067 |
| 245 10 - TITLE STATEMENT |
| Title |
Advances in fracture resistance and structural integrity : |
| Remainder of title |
selected papers from the 8th International Conference on Fracture (ICF8), Kyiv, Ukraine, 8-14 June 1993 / |
| Statement of responsibility, etc. |
editors V.V. Panasyuk ... [et al.] ; sponsored by the International Congress on Fracture (ICF). |
| 250 ## - EDITION STATEMENT |
| Edition statement |
1st ed. |
| 260 ## - PUBLICATION, DISTRIBUTION, ETC. |
| Place of publication, distribution, etc. |
Oxford : |
| Name of publisher, distributor, etc. |
Pergamon ; |
| Place of publication, distribution, etc. |
New York : |
| Name of publisher, distributor, etc. |
distributed by Elsevier Science, |
| Date of publication, distribution, etc. |
1994. |
| 300 ## - PHYSICAL DESCRIPTION |
| Extent |
xvii, 762 p. : |
| Other physical details |
ill. ; |
| Dimensions |
24 cm. |
| 526 ## - STUDY PROGRAM INFORMATION NOTE |
| Program name |
0 |
| Interest level |
0 |
| Reading level |
0 |
| Title point value |
620_112600000000000_ADV |
| 650 #0 - SUBJECT ADDED ENTRY--TOPICAL TERM |
| Topical term or geographic name entry element |
Ceramic materials |
| General subdivision |
Fracture |
| -- |
Congresses. |
| 9 (RLIN) |
38068 |
| 650 #0 - SUBJECT ADDED ENTRY--TOPICAL TERM |
| Topical term or geographic name entry element |
Composite materials |
| General subdivision |
Fracture |
| -- |
Congresses. |
| 9 (RLIN) |
38069 |
| 650 #0 - SUBJECT ADDED ENTRY--TOPICAL TERM |
| Topical term or geographic name entry element |
Fracture mechanics |
| General subdivision |
Congresses. |
| 9 (RLIN) |
38070 |
| 650 #0 - SUBJECT ADDED ENTRY--TOPICAL TERM |
| Topical term or geographic name entry element |
MCE |
| 9 (RLIN) |
379 |
| 650 #0 - SUBJECT ADDED ENTRY--TOPICAL TERM |
| Topical term or geographic name entry element |
Steel |
| General subdivision |
Fracture |
| -- |
Congresses. |
| 9 (RLIN) |
38071 |
| 700 1# - ADDED ENTRY--PERSONAL NAME |
| Personal name |
Panasi︠u︡k, V. V. |
| 9 (RLIN) |
38072 |
| 710 2# - ADDED ENTRY--CORPORATE NAME |
| Corporate name or jurisdiction name as entry element |
International Congress on Fracture. |
| 9 (RLIN) |
38073 |
| 942 ## - ADDED ENTRY ELEMENTS (KOHA) |
| Source of classification or shelving scheme |
|
| Koha item type |
Book |